Introduction to decision analysis <a> practitioner's guide to improving decision quality
Salvato in:
| Autore principale: | |
|---|---|
| Natura: | Libro |
| Lingua: | inglese |
| Pubblicazione: |
Hodge Lake
Probabilistic Publishing
2009
|
| Edizione: | 3rd ed. |
| Soggetti: | |
| Tags: |
Nessun Tag, puoi essere il primo ad aggiungerne!!
|
MARC
| LEADER | 00000nam$a2200000$$$4500 | ||
|---|---|---|---|
| 001 | 0114513 | ||
| 005 | 20240313133026.0 | ||
| 020 | |a 978-0-9647938-6-6 | ||
| 020 | |a 0-9647938-6-5 | ||
| 041 | 0 | |a eng | |
| 044 | |a GB | ||
| 245 | 1 | 0 | |a Introduction to decision analysis |b <a> practitioner's guide to improving decision quality |c David C. Skinner |
| 250 | |a 3rd ed. | ||
| 264 | 1 | |a Hodge Lake |b Probabilistic Publishing |c 2009 | |
| 300 | |a 350 s. | ||
| 610 | 2 | 0 | |a rozhodovanie |
| 610 | 2 | 0 | |a analýza rozhodovacia |
| 610 | 2 | 0 | |a rozhodovanie za neurčitosti |
| 610 | 2 | 0 | |a procesy rozhodovacie |
| 610 | 2 | 0 | |a modely rozhodovania |
| 610 | 2 | 0 | |a pravdepodobnosť |
| 100 | 1 | |a Skinner, David C. | |